[Event "Match"]
[Site "www.echecsemail.com"]
[Date "2016.04.13"]
[Round "1"]
[White "Nimzo"]
[Black "George1955"]
[WhiteElo "2800"]
[BlackElo "2680"]
[Result "1-0"]
[Round "1"]
1.d4 Ng8f6
2.c4 g6
3.g3 c6
4.Bf1g2 d5
5.cxd5 cxd5
6.Ng1f3 Bf8g7
7.Nf3e5 O-O
8.Nb1c3 e6
9.O-O Nf6d7
10.f4 Nb8c6
11.Bc1e3 Nd7b6
12.Be3f2 Nc6e7
13.Ra1c1 Bc8d7
14.b3 Ra8c8
15.Qd1d2 Bd7c6
16.g4 Qd8d6
17.e3 a6
18.Ne5d3 Nb6d7
19.Bf2g3 f5
20.g5 b6
21.Rc1c2 Rc8c7
22.Rf1c1 Bc6a8
23.Bg2f1 Rf8c8
24.b4 Ba8b7
25.Bg3e1 Bg7f8
26.b5 a5
27.Bf1e2 Bf8g7
28.Be2f3 h6
29.h4 h5
30.Nd3e5 Bg7f8
31.Nc3e2 Rc7xc2
32.Rc1xc2 Kg7
33.Qd2d1 Rc8xc2
34.Qd1xc2 Ne7c8
35.Ne2g3 Qd6e7
36.Bf3xh5 Nd7xe5
37.fxe5 gxh5
38.Ng3xh5 Kh8
39.a4 Nc8a7
40.Nh5f6 Qe7g7
41.Be1g3 Na7c8
42.Kf2 f4
43.Bg3xf4 Nc8e7
44.Qc2c7 Qg7g6
45.e4 dxe4
46.Qc7xb7 e3
47.Bf4xe3 Qg6c2
48.Kg3 Qc2c3
49.Qb7f3 Ne7f5
50.Kf4 Kg7
51.Nf6h5 Kh8
52.Be3f2 Qc3c4
53.Nh5g3 Nf5xd4
54.Qf3e4 Qc4xa4
55.Bf2xd4 Qa4xb5
56.Ng3h5 Qb5d7
57.Nh5f6 { resign }
1-0

[Event "Match"]
[Site "www.echecsemail.com"]
[Date "2016.04.13"]
[Round "1"]
[White "Joseph1983"]
[Black "Heiserman"]
[WhiteElo "2150"]
[BlackElo "2280"]
[Result "0-1"]
[Round "1"]
1.e4 c6
2.d4 d5
3.Nb1c3 dxe4
4.Nc3xe4 Bc8f5
5.Ne4g3 Bf5g6
6.h4 h6
7.Ng1f3 Nb8d7
8.h5 Bg6h7
9.Bf1d3 Bh7xd3
10.Qd1xd3 Qd8a5
11.Bc1d2 Qa5b6
12.O-O-O e6
13.Ng3e4 Ng8f6
14.Ne4xf6 Nd7xf6
15.Nf3e5 Qb6c7
16.c4 Bf8d6
17.Bd2f4 O-O-O
18.Qd3e2 Nf6d7
19.Ne5xf7 Bd6xf4
20.Kb1 Rh8e8
21.Nf7xd8 Qc7xd8
22.g3 Bf4c7
23.f4 Qd8e7
24.Rh1e1 Bc7a5
25.Re1h1 Qe7f6
26.a3 Qf6f5
27.Ka2 Nd7f6
28.b4 Ba5c7
 { time }
0-1

[Event "Match"]
[Site "www.echecsemail.com"]
[Date "2016.04.13"]
[Round "1"]
[White "Snickers"]
[Black "Fangshuo"]
[WhiteElo "1809"]
[BlackElo "2120"]
[Result "1-0"]
[Round "1"]
1.e4 e6
2.d4 d5
3.exd5 exd5
4.Bf1d3 Ng8f6
5.Ng1f3 c5
6.dxc5 Bf8xc5
7.O-O O-O
8.Nb1c3 Nb8c6
9.Bc1g5 h6
10.Bg5xf6 gxf6
11.Nc3xd5 f5
12.c4 Kh7
13.Qd1c2 Nc6d4
14.Nf3xd4 Bc5xd4
15.Bd3xf5 Bc8xf5
16.Qc2xf5 Kh8
17.Ra1d1 Bd4xb2
18.Rd1d3 Ra8c8
19.Rd3h3 Bb2g7
20.Qf5f4 Rc8c6
21.Rh3d3 Bg7e5
22.Qf4xe5 f6
23.Qe5h5 Kh7
24.Rd3g3 Rf8g8
25.Rg3xg8 Qd8xg8
26.Rf1e1 Rc6e6
27.Qh5f5 { resign }
1-0

[Event "Match"]
[Site "www.echecsemail.com"]
[Date "2016.04.13"]
[Round "1"]
[White "Pellix84"]
[Black "Mars91"]
[WhiteElo "2010"]
[BlackElo "1789"]
[Result "1/2-1/2"]
[Round "1"]
1.d4 f5
2.Ng1f3 g6
3.Nb1c3 Bf8g7
4.e4 fxe4
5.Nc3xe4 Ng8f6
6.Ne4xf6 exf6
7.Qd1e2 Qd8e7
8.Bc1f4 d6
9.Qe2xe7 Kxe7
10.O-O-O Bc8g4
11.Bf1e2 Nb8d7
12.h3 Bg4e6
13.d5 Be6f7
14.Rh1e1 Kd8
15.Be2b5 a6
16.Bb5a4 Nd7c5
17.Ba4b3 Nc5xb3
18.axb3 Kd7
19.g4 Rh8e8
{ draw }
1/2-1/2

[Event "Match"]
[Site "www.echecsemail.com"]
[Date "2016.04.13"]
[Round "1"]
[White "Coventry"]
[Black "Tartan"]
[WhiteElo "1860"]
[BlackElo "2440"]
[Result "0-1"]
[Round "1"]
1.d4 Ng8f6
2.c4 e6
3.g3 c5
4.Ng1f3 cxd4
5.Nf3xd4 Bf8b4
6.Bc1d2 Qd8b6
7.e3 Nb8c6
8.Nd4b5 Bb4e7
9.Bd2c3 O-O
10.Bf1g2 d5
11.b3 dxc4
12.bxc4 e5
13.O-O Bc8e6
14.Qd1e2 a6
15.Nb5a3 Rf8d8
16.Nb1d2 Be7xa3
{ resign }
0-1

[Event "Match"]
[Site "www.echecsemail.com"]
[Date "2016.04.13"]
[Round "1"]
[White "Chtoubidou"]
[Black "Ztornad"]
[WhiteElo "1920"]
[BlackElo "1770"]
[Result "0-1"]
[Round "1"]
1.e4 e5
2.Bf1c4 Qd8f6
3.Qd1f3 Qf6xf3
4.Ng1xf3 Nb8c6
5.d3 d6
6.h3 Bc8e6
7.Bc4xe6 fxe6
8.Bc1e3 O-O-O
9.Nb1c3 Ng8f6
10.O-O Nc6b4
11.Nf3e1 d5
12.a3 Nb4c6
13.exd5 Nf6xd5
14.Nc3e2 Nd5xe3
15.fxe3 Bf8c5
16.Rf1f3 Rh8f8
17.b4 Bc5b6
18.Kh1 Rf8xf3
19.Ne1xf3 Bb6xe3
20.Ra1b1 h6
21.b5 Nc6d4
22.Ne2xd4 Be3xd4
23.Rb1e1 Rd8d5
24.Nf3xd4 exd4
25.Re1xe6 Rd5xb5
26.Re6g6 Rb5b1
27.Kh2 Rb1c1
28.Rg6xg7 Rc1xc2
29.Rg7g4 Rc2a2
30.Rg4xd4 Ra2xa3
31.g4 Ra3a2
32.Kg3 Ra2a5
33.Rd4c4 Ra5a3
34.Rc4d4 c5
35.Rd4d5 b6
36.h4 c4
{ resign }
0-1

[Event "Match"]
[Site "www.echecsemail.com"]
[Date "2016.04.13"]
[Round "1"]
[White "Ledzepp"]
[Black "Pimpampum"]
[WhiteElo "1350"]
[BlackElo "1499"]
[Result "0-1"]
[Round "1"]
1.d4 Ng8f6
2.Qd1d3 d5
3.Qd3f3 Bc8g4
4.Qf3f4 e6
5.e3 h6
6.Bf1d3 Bf8d6
7.Bd3b5 c6
{ resign }
0-1

[Event "Match"]
[Site "www.echecsemail.com"]
[Date "2016.04.13"]
[Round "1"]
[White "Chapi"]
[Black "Elogic"]
[WhiteElo "2110"]
[BlackElo "1880"]
[Result "1-0"]
[Round "1"]
1.d4 c5
2.c3 cxd4
3.cxd4 e5
4.dxe5 Qd8a5
5.Nb1c3 Qa5xe5
6.Ng1f3 Qe5h5
7.e4 Bf8b4
8.Bc1d2 Bb4xc3
9.Bd2xc3 f6
10.Bf1e2 Qh5c5
11.O-O Nb8c6
12.Qd1b3 Ng8e7
13.Be2c4 Nc6e5
14.Nf3xe5 fxe5
15.Bc4f7 Kd8
16.Ra1d1 a5
17.Qb3a4 d6
18.Qa4b3 b5
19.Rd1xd6 Qc5xd6
20.Rf1d1 Qd6xd1
21.Qb3xd1 Bc8d7
22.Bf7e6 Ra8a7
23.Qd1d6 Ne7g6
24.Qd6b8 Ke7
25.Qb8xa7 Kxe6
26.Qa7xa5 Rh8d8
27.Qa5xd8 { resign }
1-0

[Event "Match"]
[Site "www.echecsemail.com"]
[Date "2016.04.13"]
[Round "1"]
[White "Ztornad"]
[Black "Mdesouza"]
[WhiteElo "1730"]
[BlackElo "2170"]
[Result "0-1"]
[Round "1"]
1.e4 e6
2.Ng1f3 c5
3.c3 d5
4.e5 Nb8c6
5.d4 Qd8b6
6.Qd1b3 Bc8d7
7.Qb3xb6 axb6
8.Bc1e3 cxd4
9.Nf3xd4 Bf8c5
10.Nd4xc6 Bc5xe3
11.fxe3 bxc6
12.Bf1d3 Ng8e7
13.O-O c5
14.c4 Ne7c6
15.Nb1c3 Nc6xe5
16.Bd3e2 Ne5xc4
17.Be2xc4 dxc4
18.Nc3e2 Ke7
19.Ne2c3 Bd7c6
20.e4 Rh8d8
21.Rf1d1 Rd8d4
22.e5 Ra8d8
23.a4 Rd4xd1
24.Ra1xd1 Rd8xd1
25.Nc3xd1 Bc6xa4
26.Nd1c3 Ba4c6
27.g3 b5
28.Kf2 b4
29.Nc3d1 Bc6d5
30.Nd1e3 Kd7
31.Ne3d1 Kc6
32.Nd1e3 Kb5
33.Ke2 Ka4
34.Kd2 Kb3
35.Kc1 Ka2
36.h4 f6
37.exf6 gxf6
38.g4 Kb3
39.g5 fxg5
40.hxg5 c3
41.bxc3 Kxc3
42.Ne3d1 Kd4
43.Nd1f2 Bd5e4
44.Nf2d1 Ke5
45.Nd1f2 c4
46.Nf2d1 c3
47.Nd1e3 b3
48.Ne3c4 Kd4
49.Nc4a3 b2
50.Kd1 b1Q
51.Na3xb1 c2
52.Kd2 cxb1Q
53.Ke2 Qb1d3
54.Ke1 Be4f3
55.Kf2 Qd3e2
56.Kg3 Qe2g2
57.Kf4 Qg2g4
{ resign }
0-1

[Event "Match"]
[Site "www.echecsemail.com"]
[Date "2016.04.13"]
[Round "1"]
[White "Elogic"]
[Black "Umutkrc"]
[WhiteElo "1900"]
[BlackElo "1880"]
[Result "1-0"]
[Round "1"]
1.e4 e5
2.Ng1f3 d6
3.Bf1c4 h6
4.O-O a6
5.c3 Ng8f6
6.Rf1e1 Nb8c6
7.d4 b5
8.Bc4b3 exd4
9.cxd4 Nc6a5
10.Bb3c2 Nf6d7
11.Nb1c3 c6
12.b4 Na5c4
13.Bc2b3 Nd7b6
14.d5 Qd8c7
15.Nf3d4 Bc8d7
16.Bc1f4 g5
17.Bf4g3 O-O-O
18.a4 Bf8g7
19.axb5 axb5
20.Re1e2 Bg7xd4
21.Qd1xd4 Nc4e5
22.Re2a2 Bd7h3
23.Ra2a7 Qc7b8
24.Ra1a6 c5
25.bxc5 Rd8d7
26.cxb6 Rd7b7
27.Nc3xb5 Kd7
28.Qd4a4 Ke7
29.Ra7a8 Bh3d7
30.Ra8xb8 Rh8xb8
31.Bg3xe5 dxe5
32.Qa4b4 Ke8
33.Bb3a4 Rb8c8
34.Nb5d6 { resign }
1-0

[Event "Match"]
[Site "www.echecsemail.com"]
[Date "2016.04.13"]
[Round "1"]
[White "Pinehill"]
[Black "Elogic"]
[WhiteElo "2120"]
[BlackElo "1880"]
[Result "1-0"]
[Round "1"]
1.e4 e6
2.d4 d5
3.Nb1d2 dxe4
4.Nd2xe4 f5
5.Bc1g5 Bf8e7
6.Bg5xe7 Qd8xe7
7.Ne4g3 Qe7b4
8.Qd1d2 Qb4xb2
9.Ra1d1 Qb2xa2
10.Ng1f3 Ng8f6
11.Bf1d3 Qa2d5
12.O-O a5
13.c4 Qd5c6
14.Nf3e5 Qc6d6
15.Bd3c2 Nb8c6
16.c5 Qd6d5
17.Rf1e1 Nc6xe5
18.Re1xe5 Qd5c4
19.Ng3xf5 Kf7
20.Rd1b1 exf5
21.Bc2b3 Qc4xb3
22.Rb1xb3 Nf6e4
23.Re5xe4 fxe4
24.Qd2f4 Kg8
25.Qf4xe4 h5
26.Qe4d5 Kf8
27.Rb3f3 Ke8
28.Qd5f7 Kd8
29.Qf7xg7 Rh8e8
30.h3 a4
31.d5 a3
32.Rf3f7 a2
33.Qg7f6 { resign }
1-0

[Event "Match"]
[Site "www.echecsemail.com"]
[Date "2016.04.13"]
[Round "1"]
[White "Nugun"]
[Black "Daquata"]
[WhiteElo "1760"]
[BlackElo "1630"]
[Result "0-1"]
[Round "1"]
1.c4 Ng8f6
2.d4 e6
3.Nb1c3 Bf8b4
4.Ng1f3 Nf6e4
5.Bc1d2 Ne4xd2
6.Qd1xd2 O-O
7.a3 Bb4xc3
8.Qd2xc3 d5
9.e3 Nb8d7
10.Bf1d3 c5
11.cxd5 cxd4
12.Nf3xd4 exd5
13.O-O Nd7f6
14.b4 Bc8e6
15.Ra1e1 Ra8c8
16.Qc3b3 Nf6e4
17.Qb3b2 Qd8f6
18.Re1c1 Rc8xc1
19.Qb2xc1 Rf8c8
20.Qc1b2 h6
21.f3 Ne4d6
22.e4 Nd6c4
23.Qb2f2 dxe4
24.fxe4 Rc8d8
25.Rf1c1 Qf6xd4
26.Qf2xd4 Rd8xd4
27.Bd3e2 Rd4xe4
28.Kf2 Nc4b6
29.Rc1d1 Nb6d5
30.Be2f3 Re4e5
31.Rd1e1 Re5xe1
32.Kxe1 b6
33.b5 Nd5c3
34.Bf3e2 Nc3xe2
35.Kxe2 Be6c4
36.Kd2 Bc4xb5
37.Kc3 Kf8
38.Kb4 a6
39.a4 Bb5xa4
40.Kxa4 b5
41.Ka5 Ke7
42.Kb4 Ke6
43.Kc3 Ke5
44.Kd3 a5
45.Kc3 b4
{ resign }
0-1

[Event "Match"]
[Site "www.echecsemail.com"]
[Date "2016.04.13"]
[Round "1"]
[White "Ditto"]
[Black "Daquata"]
[WhiteElo "1620"]
[BlackElo "1630"]
[Result "0-1"]
[Round "1"]
1.e4 e5
2.Ng1f3 Nb8c6
3.Bf1c4 Bf8c5
4.O-O Ng8f6
5.d3 d6
6.Nb1c3 Bc8g4
7.Bc1g5 Nc6d4
8.Nc3b1 Nd4xf3
9.gxf3 Bg4h3
10.Rf1e1 h6
11.Bg5h4 Qd8d7
12.Bh4g3 O-O-O
13.Kh1 Nf6h5
14.Re1g1 f5
15.exf5 Qd7xf5
16.Qd1e2 g5
17.Nb1c3 Nh5f4
18.Qe2e4 Rd8f8
19.Nc3d5 Nf4xd5
20.Qe4xd5 Qf5xf3
21.Qd5xf3 Rf8xf3
22.Bc4d5 Rf3f6
23.Rg1e1 Bc5xf2
24.Re1e2 Bf2xg3
25.hxg3 c6
26.Bd5b3 Rh8f8
27.Kg1 Rf6f3
28.Re2h2 Rf3xg3
29.Kh1 g4
30.Ra1e1 Rg3f3
31.Re1g1 Rf3f1
32.Bb3e6 Kc7
33.a4 Rf1xg1
34.Kxg1 Rf8f1
{ resign }
0-1

[Event "Match"]
[Site "www.echecsemail.com"]
[Date "2016.04.13"]
[Round "1"]
[White "Elogic"]
[Black "Fangshuo"]
[WhiteElo "1860"]
[BlackElo "2100"]
[Result "0-1"]
[Round "1"]
1.b3 e6
2.e4 d5
3.exd5 exd5
4.g3 Bf8b4
5.a3 Bb4a5
6.b4 Ba5b6
7.Bc1b2 Ng8f6
8.Qd1e2 Bc8e6
9.Bf1h3 O-O
10.Qe2f3 Be6xh3
11.Ng1xh3 Rf8e8
12.Kd1 Nb8c6
13.Bb2xf6 Qd8xf6
14.Qf3xf6 gxf6
15.Nh3f4 Ra8d8
16.Rh1f1 d4
17.c3 dxc3
18.Nb1xc3 Nc6d4
19.Nf4e2 Nd4b3
20.Ra1a2 Re8e5
21.f4 Re5e3
22.Ke1 Re3d3
23.Nc3e4 f5
24.Ne4f2 Bb6xf2
25.Rf1xf2 Rd3xd2
26.Ra2xd2 Rd8xd2
27.Rf2f3 Rd2b2
28.Rf3c3 c6
29.Kd1 a5
30.Rc3d3 b5
31.Ne2d4 Nb3xd4
32.Rd3xd4 axb4
33.axb4 Rb2xh2
34.Rd4d3 h5
35.Rd3d6 h4
36.Rd6xc6 hxg3
{ resign }
0-1

[Event "Match"]
[Site "www.echecsemail.com"]
[Date "2016.04.13"]
[Round "1"]
[White "Fangshuo"]
[Black "Cheminet"]
[WhiteElo "2120"]
[BlackElo "1950"]
[Result "0-1"]
[Round "1"]
1.e4 c5
2.Bf1c4 Nb8c6
3.Ng1f3 g6
4.d4 cxd4
5.Nf3xd4 Bf8g7
6.Nd4xc6 bxc6
7.Nb1c3 e6
8.O-O d6
9.Bc1d2 d5
10.exd5 exd5
11.Rf1e1 Bc8e6
12.Bc4b3 Ng8e7
13.Bd2g5 O-O
14.h4 Qd8c7
15.h5 Ne7f5
16.hxg6 hxg6
17.Nc3e2 Bg7xb2
18.Ra1b1 Bb2e5
19.c3 Kg7
20.f4 Be5xc3
21.Ne2xc3 Qc7b6
{ resign }
0-1

[Event "1/128 Finale"]
[Site "www.chess-mail.com"]
[Date "2016.04.13"]
[Round "1"]
[White "Genius1"]
[Black "Elogic"]
[WhiteElo "1480"]
[BlackElo "1890"]
[Result "1-0"]
[Round "1"]
1.e4 e6
2.d3 Bf8c5
3.Ng1f3 c6
4.Bf1e2 d6
5.O-O Ng8e7
6.c3 b5
7.d4 Bc5b6
8.Nb1d2 Bc8b7
9.a4 Nb8d7
10.axb5 c5
11.Be2d3 cxd4
12.cxd4 O-O
13.Qd1e2 Ne7g6
14.Nd2c4 Nd7f6
15.Bc1g5 e5
16.dxe5 dxe5
17.Rf1d1 Ng6f4
18.Bg5xf4 exf4
19.e5 Nf6d5
20.Bd3e4 Ra8b8
21.Nc4d6 f5
22.Be4xd5 Bb7xd5
23.Rd1xd5 Qd8c7
24.h3 Bb6c5
25.Ra1a6 g6
26.Qe2c4 Bc5xd6
27.Qc4b3 Kg7
28.exd6 Qc7c1
29.Kh2 Qc1f1
30.Ra6xa7 Kh6
31.Qb3c3 Rf8g8
32.Qc3f6 { resign }
1-0

[Event "Fast Game"]
[Site "www.echecsemail.com"]
[Date "2016.04.13"]
[Round "1"]
[White "Attatroll"]
[Black "Elogic"]
[WhiteElo "1820"]
[BlackElo "1710"]
[Result "1-0"]
[Round "1"]
1.e4 c5
2.b4 cxb4
3.d4 e6
4.a3 bxa3
5.Bc1xa3 Qd8a5
6.Qd1d2 Qa5xd2
7.Nb1xd2 Bf8xa3
8.Ra1xa3 Ng8e7
9.Ng1f3 O-O
10.Bf1d3 Nb8c6
11.O-O b6
12.Nd2c4 Nc6b4
13.Nc4xb6 Nb4xd3
14.Nb6xa8 Nd3b4
15.Ra3xa7 Nb4xc2
16.Na8b6 Ne7c6
17.Ra7c7 Bc8a6
18.Rf1c1 Nc6xd4
19.Nf3xd4 Nc2xd4
20.Nb6xd7 Nd4e2
21.Kh1 Ne2xc1
22.Nd7xf8 Kxf8
23.Rc7xc1 g6
24.g3 Ba6b7
25.f3 f5
26.Rc1c7 { resign }
1-0

[Event "Tourn. n8681"]
[Site "www.chess-mail.com"]
[Date "2016.04.14"]
[Round "1"]
[White "Badshahc"]
[Black "Roserl"]
[WhiteElo "1930"]
[BlackElo "1920"]
[Result "0-1"]
[Round "1"]
1.d4 Ng8f6
2.Bc1g5 Nf6e4
3.Bg5f4 d5
4.e3 e6
5.Ng1f3 Bf8d6
6.Bf4xd6 Qd8xd6
7.Bf1d3 Ne4f6
8.c4 O-O
9.Nb1d2 b6
10.O-O Bc8b7
 { time }
0-1

[Event "Tourn. n8658"]
[Site "www.chess-mail.com"]
[Date "2016.04.14"]
[Round "1"]
[White "Prize64"]
[Black "Maredocla"]
[WhiteElo "2149"]
[BlackElo "2080"]
[Result "1-0"]
[Round "1"]
1.e4 c5
2.Ng1f3 Nb8c6
3.Bf1b5 Qd8b6
4.Nb1c3 e6
5.O-O a6
6.Bb5xc6 Qb6xc6
7.d3 g6
8.Nc3e2 Bf8g7
9.c3 Ng8e7
10.Ne2g3 O-O
11.Bc1g5 Rf8e8
12.d4 b6
13.Qd1d2 Bc8b7
14.Nf3e5 Bg7xe5
15.dxe5 Ne7f5
16.Rf1e1 d6
17.Ra1d1 dxe5
18.Bg5f6 h5
19.Ng3xh5 Kh7
20.Nh5g3 Nf5h6
21.Qd2g5 Qc6c7
22.Ng3h5 Re8g8
23.Bf6xe5 gxh5
24.Qg5xg8 Ra8xg8
25.Be5xc7 b5
26.Bc7f4 Bb7c8
27.Bf4xh6 Kxh6
28.Rd1d6  { time }
1-0

[Event "Tourn. n8533"]
[Site "www.chess-mail.com"]
[Date "2016.04.14"]
[Round "1"]
[White "Iko"]
[Black "Crull"]
[WhiteElo "1680"]
[BlackElo "1600"]
[Result "0-1"]
[Round "1"]
1.e4 c5
2.c4 e5
3.Ng1f3 Nb8c6
4.Nb1c3 d6
5.Bf1e2 Ng8f6
6.O-O Bf8e7
7.Qd1b3 O-O
8.d3 Nc6a5
9.Qb3a3 b6
10.Nc3d5 Na5c6
11.Nf3g5 Nc6d4
12.Be2d1 Nf6xd5
13.cxd5 Be7xg5
14.Bc1e3 Bg5xe3
15.fxe3 Nd4b5
16.Qa3a4 Bc8d7
17.Rf1f2 Qd8g5
18.h3 Qg5xe3
19.Bd1f3 Rf8d8
20.Bf3g4 Nb5c3
21.Qa4c2 Nc3b5
22.a4 Nb5d4
23.Qc2d2 Qe3xd2
24.Rf2xd2 Nd4b3
25.Ra1d1 Nb3xd2
26.Rd1xd2 Bd7xg4
27.hxg4 f6
28.b3 a5
29.g3 Rd8d7
30.Kg2 Ra8b8
31.Kh3 g5
32.Rd2f2 Kg7
33.Rf2f3 Kg6
34.Rf3f5 Rd7f7
35.Kh2 h5
36.gxh5 Kxh5
37.Kh3 Kg6
38.g4 Rb8h8
39.Kg3 Rh8h4
40.Kf3 Rf7h7
41.Kg3 Rh4h3
42.Kg2 Rh3xd3
43.Rf5f3 Rd3d4
44.Kf2 Rd4xe4
45.Rf3g3 Re4f4
46.Ke3 Rh7h4
47.Kd3 Rh4xg4
48.Rg3h3 Rg4h4
49.Rh3g3 Rf4d4
50.Ke3 Rd4b4
51.Kf2 Rb4d4
52.Rg3f3 Rd4xd5
53.Kg3 Rh4f4
54.Rf3e3 Rd5d4
55.Re3c3 e4
56.Rc3e3 Rd4d3
57.Re3xd3 exd3
58.Kh3 d2
59.Kg3 d1Q
60.b4 Qd1g1
61.Kh3 Rf4h4

0-1

[Event "Tourn. n8545"]
[Site "www.chess-mail.com"]
[Date "2016.04.14"]
[Round "1"]
[White "Passaroa25"]
[Black "Azulmarino"]
[WhiteElo "1640"]
[BlackElo "1700"]
[Result "1-0"]
[Round "1"]
1.e4 e5
2.Ng1e2 Ng8f6
3.Ne2g3 d6
4.c3 Bc8g4
5.Bf1e2 Bg4e6
6.O-O Nb8c6
7.d3 h6
8.Nb1d2 Bf8e7
9.Nd2b3 d5
10.Bc1d2 Qd8d7
11.f3 dxe4
12.Nb3c1 O-O
13.Kh1 Be7c5
14.Rf1e1 Be6h3
15.gxh3 exf3
16.Be2xf3 Qd7xh3
17.Bd2e3 Bc5d6
18.Bf3g2 Qh3h4
19.Ng3f5 Qh4h5
20.Qd1xh5 Nf6xh5
21.Nc1b3 Nh5f6
22.Ra1d1 Nc6d8
23.Nb3c5 b6
24.Nc5a6 c5
25.Nf5xd6 Nd8e6
26.Bg2xa8 Rf8xa8
27.Nd6b7 h5
28.Nb7d6 Nf6d5
29.Be3f2 g6
30.Re1xe5 Nd5e7
31.b4 Ra8d8
32.Nd6b7 Rd8d7
33.Nb7xc5 bxc5
34.Bf2xc5 Ne7c6
35.Re5e3 Ne6f4
36.Re3e8 Kg7
37.d4 Nf4d5
38.Na6b8 Nc6xb8
39.Re8xb8 Nd5xc3
40.Bc5f8 Kf6
41.Rd1d2 Nc3e4
42.Rd2e2 Rd7xd4
43.a4 Ne4g5
44.Re2f2 Ke6
45.Rf2g2 Ng5h3
46.Rg2e2 Kf5
47.Re2c2 Nh3f4
48.Bf8c5 Rd4d1
49.Bc5g1 Nf4h3
50.Rc2g2 Kf4
51.Rb8b7 Kf3
52.Rb7xf7 Ke4
53.Rg2g3 Nh3f4
54.Rf7xf4 Kxf4
55.Kg2 Rd1d2
56.Kh3 g5
57.Bg1e3 Kf5
58.Be3xd2 Kg6
59.Rg3xg5 Kh6
60.Kh4 a6
61.b5 axb5
62.Rg5xh5 Kg6
63.axb5 { resign }
1-0

[Event "Tourn. n8634"]
[Site "www.chess-mail.com"]
[Date "2016.04.14"]
[Round "1"]
[White "Guidom"]
[Black "Abuelo"]
[WhiteElo "2090"]
[BlackElo "2200"]
[Result "0-1"]
[Round "1"]
1.e4 e5
2.Ng1f3 Qd8f6
3.d3 h6
4.Bc1e3 Nb8c6
5.Nb1c3 Bf8b4
6.Bf1e2 d6
7.O-O Bb4xc3
8.bxc3 Ng8e7
9.d4 d5
10.exd5 Ne7xd5
11.c4 Nd5c3
12.dxe5 Nc6xe5
13.Qd1d2 Nc3xe2
14.Qd2xe2 Ne5xf3
15.Qe2xf3 Qf6xf3
16.gxf3 Bc8e6
17.c5 O-O
18.Rf1d1 c6
19.Rd1d6 Rf8d8
20.a3 Be6d5
21.Ra1b1 b6
22.Rd6xd8 Ra8xd8
23.cxb6 axb6
24.Be3xb6 Rd8b8
25.Kg2 f5
26.a4 g5
27.a5 g4
28.Kg3 Bd5xf3
29.a6 c5
30.a7 Rb8c8
31.Rb1e1 Bf3e4
32.c3 c4
33.Bb6d4 Kf7
34.Re1e2 Kg6
35.Kf4 Kh5
36.Re2b2 Rc8e8
37.Rb2b6 Be4d3
38.Rb6b8 Re8e4
39.Kg3 f4
40.Kg2 Re4e1
41.a8Q Bd3f1
42.Kg1 Bf1h3
{ resign }
0-1

[Event "Tourn. n8707"]
[Site "www.chess-mail.com"]
[Date "2016.04.14"]
[Round "1"]
[White "Umzi"]
[Black "Julian"]
[WhiteElo "2200"]
[BlackElo "2090"]
[Result "1/2-1/2"]
[Round "1"]
1.e4 c5
2.Ng1f3 d6
3.d4 cxd4
4.Nf3xd4 Ng8f6
5.Nb1c3 a6
6.Bf1e2 e5
7.Nd4b3 Bc8e6
8.O-O Nb8d7
9.f4 exf4
10.Bc1xf4 Nd7e5
11.Kh1 Bf8e7
12.Nb3d4 O-O
13.Nd4xe6 fxe6
14.Qd1e1 b5
15.b4 Ra8c8
16.Bf4xe5 dxe5
17.a3 Qd8d4
18.Rf1f3 Nf6xe4
19.Rf3xf8 Be7xf8
20.Nc3xe4 Qd4xe4
21.Be2d3 Qe4xe1
22.Ra1xe1 Bf8d6
23.g3 { draw }
1/2-1/2

[Event "Tourn. n8706"]
[Site "www.chess-mail.com"]
[Date "2016.04.14"]
[Round "1"]
[White "Cal"]
[Black "Daquata"]
[WhiteElo "1620"]
[BlackElo "1700"]
[Result "0-1"]
[Round "1"]
1.d4 Ng8f6
2.Nb1c3 d5
3.h3 Nb8c6
4.Ng1f3 Bc8f5
5.a3 e6
6.b4 a6
7.Bc1g5 Bf8e7
8.e3 O-O
9.Bf1d3 Bf5xd3
10.cxd3 h6
11.O-O hxg5
12.Nf3xg5 e5
13.dxe5 Nc6xe5
14.f4 Ne5g6
15.Ng5f3 c5
16.bxc5 Be7xc5
17.d4 Bc5a7
18.Qd1d3 Rf8e8
19.Nf3g5 Qd8e7
20.e4 dxe4
21.Nc3xe4 Nf6xe4
22.Ng5xe4 Qe7xe4
23.Qd3b3 Ba7xd4
24.Kh1 Bd4xa1
25.Rf1xa1 Ng6xf4
26.Qb3g3 Qe4e3
27.Qg3g4 Qe3e5
28.h4 Qe5xa1
29.Kh2 Qa1e5
{ resign }
0-1

[Event "Tourn. n8706"]
[Site "www.chess-mail.com"]
[Date "2016.04.14"]
[Round "1"]
[White "Passaroa25"]
[Black "Cal"]
[WhiteElo "1650"]
[BlackElo "1620"]
[Result "1-0"]
[Round "1"]
1.e4 e5
2.Ng1e2 d6
3.Ne2g3 a6
4.d3 h6
5.f3 Ng8f6
6.Nb1d2 Bc8e6
7.Nd2b3 Nb8c6
8.c3 b6
9.Bf1e2 Bf8e7
10.Bc1d2 O-O
11.Bd2e3 Nf6d7
12.Be3f2 Be7h4
13.O-O Bh4xg3
14.Bf2xg3 Qd8g5
15.Nb3d2 Nd7f6
16.Qd1e1 Nc6e7
17.b4 Qg5e3
18.Bg3f2 Qe3g5
19.Nd2b3 Ne7g6
20.h4 Qg5f4
21.g3 { resign }
1-0

[Event "Tourn. n8645"]
[Site "www.chess-mail.com"]
[Date "2016.04.14"]
[Round "1"]
[White "Estonia"]
[Black "Julian"]
[WhiteElo "1990"]
[BlackElo "2030"]
[Result "1/2-1/2"]
[Round "1"]
1.d4 d5
2.Ng1f3 Ng8f6
3.c4 e6
4.Nb1c3 Bf8e7
5.e3 O-O
6.Bf1d3 Nb8d7
7.O-O a6
8.cxd5 exd5
9.e4 dxe4
10.Nc3xe4 b6
11.b3 Bc8b7
12.Ne4g3 Rf8e8
13.Bc1b2 c5
14.Ra1c1 Ra8c8
15.Bd3b1 cxd4
16.Nf3xd4 Rc8xc1
17.Qd1xc1 Be7c5
18.Nd4f5 Nd7e5
19.Qc1g5 Ne5g6
20.Nf5xg7 Kxg7
21.Ng3f5 Kg8
22.Bb2xf6 Qd8d5
23.Nf5h6 Kf8
24.Qg5xd5 Bb7xd5
25.Bb1d3 Re8e6
26.Bf6g5 f6
27.Bg5d2 a5
28.Nh6f5 Ng6e5
29.Bd3b5 Ne5c6
30.h3 Nc6d4
31.Nf5xd4 Bc5xd4
32.Bd2h6 Kf7
33.Bb5d3 f5
34.Bh6f4 Bd5e4
35.Bd3xe4 fxe4
36.Bf4e3 Bd4xe3
37.fxe3 Kg6
38.Rf1c1 h5
39.Kf2 Kg5
40.g3 Re6f6
41.Ke2 Rf6f3
42.g4 hxg4
43.hxg4 Kxg4
44.Rc1c6 Kg3
45.Rc6g6 Kh4
46.Rg6xb6 Kg3
47.Rb6g6 Kh4
48.Rg6e6 Kg3
49.Re6xe4 Rf3f2
50.Kd3 Rf2xa2
51.Re4a4 Ra2b2
52.Ra4xa5 Rb2xb3
53.Ke4 Kf2
54.Ra5a2 Kg3
55.Ra2a8 Kf2
56.Ra8a2 Kg3
57.Kd4 Kf3
58.Ra2a8 Rb3b4
59.Kc3 Rb4e4
60.Ra8d8 Re4xe3
{ draw }
1/2-1/2

[Event "Tourn. n8688"]
[Site "www.chess-mail.com"]
[Date "2016.04.14"]
[Round "1"]
[White "Redabond"]
[Black "Cal"]
[WhiteElo "1570"]
[BlackElo "1650"]
[Result "1-0"]
[Round "1"]
1.d4 d5
2.Ng1f3 h6
3.Bc1f4 Ng8f6
4.Nb1c3 e6
5.Nc3b5 Bf8d6
6.Bf4xd6 cxd6
7.e3 a6
8.Nb5c3 O-O
9.Bf1d3 b5
10.O-O Nb8c6
11.e4 dxe4
12.Bd3xe4 d5
13.Be4d3 Bc8b7
14.Nf3e5 Nc6xd4
15.Bd3xb5 axb5
16.Qd1xd4 Ra8c8
17.Nc3xb5 Rc8xc2
18.Ra1c1 Rc2xc1
19.Rf1xc1 Nf6e4
20.Rc1c7 Qd8b8
21.Ne5d7 Qb8a8
22.Nd7xf8 Kxf8
23.Qd4b4 Kg8
24.a3 Bb7a6
25.Rc7a7 Qa8c6
26.Nb5c3 Ba6d3
27.f3 Ne4c5
28.Ra7a5 Kh7
29.Qb4xc5 Qc6b7
30.Ra5a7 Qb7xb2
31.h3 Qb2c1
32.Kh2 Bd3g6
33.Nc3a4 Qc1f4
34.Kh1 d4
35.Ra7d7 e5
36.Rd7e7 f6
37.Qc5c7 h5
38.Re7xg7 Kh6
39.Rg7g8 Qf4f5
40.Rg8h8 Kg5
41.Qc7c1 Kh4
42.Kh2 e4
43.Qc1e1 Kg5
44.Qe1g3 { resign }
1-0

[Event "Match"]
[Site "www.echecsemail.com"]
[Date "2016.04.14"]
[Round "1"]
[White "Gimmyg"]
[Black "Genius7"]
[WhiteElo "2540"]
[BlackElo "1810"]
[Result "1-0"]
[Round "1"]
1.d4 f5
2.Bc1f4 Ng8f6
3.Ng1f3 d5
4.e3 e6
5.c4 c6
6.Nb1c3 Bf8b4
7.Qd1b3 Qd8b6
8.Bf1e2 Bb4xc3
9.Qb3xc3 O-O
10.O-O Nf6e4
11.Qc3c2 Nb8d7
12.Nf3e5 Nd7xe5
13.Bf4xe5 Bc8d7
14.a3 Ra8c8
15.c5 Qb6d8
16.a4 Rf8f7
17.f3 Ne4f6
18.b4 a6
19.Ra1b1 Qd8f8
20.b5 axb5
21.axb5 Nf6e8
22.b6 Ne8f6
23.Rb1a1 Rc8a8
24.Ra1a7 Qf8c8
25.Rf1b1 Nf6e8
26.Qc2a2 { resign }
1-0

[Event "Match"]
[Site "www.echecsemail.com"]
[Date "2016.04.14"]
[Round "1"]
[White "Huw"]
[Black "Mars91"]
[WhiteElo "2270"]
[BlackElo "1789"]
[Result "1/2-1/2"]
[Round "1"]
1.d4 d5
2.c4 dxc4
3.Ng1f3 c6
4.a4 Ng8f6
5.e3 Bc8g4
6.Bf1xc4 e6
7.O-O Bf8e7
8.Nb1c3 Nb8d7
9.Bc1d2 O-O
10.Bc4d3 c5
11.Nc3e2 a6
12.Nf3g5 Bg4xe2
13.Qd1xe2 cxd4
14.exd4 h6
15.Ng5f3 Be7d6
16.Ra1c1 Ra8c8
17.Rc1xc8 Qd8xc8
18.Rf1c1 Qc8b8
19.b4 Rf8c8
20.b5 axb5
21.Bd3xb5 Rc8xc1
22.Bd2xc1 Qb8c7
23.Bc1b2 Nd7b6
24.Nf3e5 Nb6d5
25.g3 Nd5c3
{ draw }
1/2-1/2

[Event "Match"]
[Site "www.echecsemail.com"]
[Date "2016.04.14"]
[Round "1"]
[White "Genius7"]
[Black "Pellix84"]
[WhiteElo "1780"]
[BlackElo "2010"]
[Result "1-0"]
[Round "1"]
1.e4 c6
2.d4 d5
3.exd5 cxd5
4.c4 Ng8f6
5.Nb1c3 e6
6.Ng1f3 Bf8b4
7.Bc1d2 Nb8c6
8.c5 b6
9.Bf1b5 Qd8c7
10.Qd1a4 Bc8d7
11.Bb5xc6 Bb4xc3
12.Bc6xd7 Nf6xd7
13.Bd2xc3 O-O
14.O-O bxc5
15.dxc5 Nd7xc5
16.Qa4d4 f6
17.Bc3b4 Rf8c8
18.Ra1c1 Nc5b3
19.Rc1xc7 Nb3xd4
20.Rc7xc8 Ra8xc8
21.Nf3xd4 { resign }
1-0

[Event "Match"]
[Site "www.echecsemail.com"]
[Date "2016.04.14"]
[Round "1"]
[White "Milkyway"]
[Black "Orae"]
[WhiteElo "1809"]
[BlackElo "1730"]
[Result "1-0"]
[Round "1"]
1.d4 d5
2.Ng1f3 Bc8g4
3.Nf3e5 h5
4.h3 Bg4f5
5.c3 f6
6.Ne5f3 Nb8c6
7.Bc1f4 g5
8.Bf4h2 g4
9.Nf3d2 Bf8h6
10.e3 Qd8d7
11.hxg4 Bf5xg4
12.Bf1e2 O-O-O
13.Nd2b3 Bg4xe2
14.Qd1xe2 Qd7f5
15.Nb3c5 Qf5g6
16.Qe2b5 Rd8d6
17.Qb5xb7 Kd8
18.Qb7a8 { resign }
1-0